TQM : (Record no. 1916)

MARC details
000 -LEADER
fixed length control field 00660nam a2200205 ar4500
001 - CONTROL NUMBER
control field 1918
005 - DATE AND TIME OF LATEST TRANSACTION
control field 20221127090325.0
008 - FIXED-LENGTH DATA ELEMENTS--GENERAL INFORMATION
fixed length control field 100401s ii a 00010|eng d
020 ## - INTERNATIONAL STANDARD BOOK NUMBER
International Standard Book Number 8122422330(pbk) :
Terms of availability SR145.00
082 04 - DEWEY DECIMAL CLASSIFICATION NUMBER
Classification number 658.4013
Item number T64 2008
245 00 - TITLE STATEMENT
Title TQM :
Remainder of title planning, design & implementation /
Statement of responsibility, etc. V. K. Khanna ... [et al.].
246 1# - VARYING FORM OF TITLE
Title proper/short title Total quality management.
260 ## - PUBLICATION, DISTRIBUTION, ETC.
Place of publication, distribution, etc. New Delhi :
Name of publisher, distributor, etc. New Age International,
Date of publication, distribution, etc. 2008.
300 ## - PHYSICAL DESCRIPTION
Extent xxviii, 375 p. :
Other physical details ill. ;
Dimensions 24 cm.
504 ## - BIBLIOGRAPHY, ETC. NOTE
Bibliography, etc. note Includes bibliographic references.
650 #4 - SUBJECT ADDED ENTRY--TOPICAL TERM
Topical term or geographic name entry element Quality control.
650 #4 - SUBJECT ADDED ENTRY--TOPICAL TERM
Topical term or geographic name entry element Product management.
650 #4 - SUBJECT ADDED ENTRY--TOPICAL TERM
Topical term or geographic name entry element Total quality management.
700 0# - ADDED ENTRY--PERSONAL NAME
Personal name Khanna, V. K.
Holdings
Withdrawn status Lost status Source of classification or shelving scheme Damaged status Not for loan Home library Current library Date acquired Total Checkouts Full call number Barcode Date last seen Copy number Price effective from Koha item type
          CENTRAL CENTRAL 11/27/2022   658.4013 T64 2008 1000000005576 11/27/2022 C1 11/27/2022 Book